عرض عادي
عرض مارك
- Polo, Macario,
مدخل إسم شخص
001 - رقم الضبط
- حقل الضبط: 8464
003 - معرف رقم الضبط
- حقل الضبط: OSt
005 - تاريخ ووقت أخر عملية
- حقل الضبط: 20111214205400.0
008 - عناصر بيانات ثابتة الطول
- حقل تحكم ثابت الطول: 111214|||a|||||| | ||| d
040 ## - مصدر الفهرسة
- هيئة الفهرسة الأصلية: OSt
- وكالة الكتابة: OSt
100 ## - مدخل -- أسم شخص
- إسم شخص: Polo, Macario,
- تواريخ مرتبطة بالاسم: 1971-
670 ## - بيانات المصدر موجوده
- الاستشهاد بالمصدر: Work cat.: (OSt)3703: Polo, Macario, 1971-, Advances in software maintenance management :, c2003.
